000 00854nam a2200253Ia 4500
003 OSt
005 20221005110725.0
006 a|||||r|||| 00| 0
007 ta
008 221004b |||||||| |||| 00| 0 hin d
020 _a8126705469 (pbk)
_c295
024 _a96313
037 _b583, 23/03/2009, Vani Prakashan
_cTextual
040 _aCRL
_cCRL
_bhin
041 _2hin
_ahin
082 _aO152,6N41x, M4;P3
100 _aवाजपेयी, अशोक
245 0 _aकुछ पूर्वग्रह
246 _aKuchh pūrvagraha
260 _aनई दिल्ली
_bराजकमल प्रकाशन भारत
_c2003
300 _a207पृ0
_ccm.
942 _hO152,6N41x, M4;P3
_cTEXL
_2cc
999 _c1019685
_d1019685